00786cam a22002537a 4500003000500000005001700005008004100022010001000063011001000073020001800083035001000101040000900111082001600120100002200136245013500158260004900293300002300342490003900365650002400404650001700428650002600445700002200471830003900493CHAP20220817043734.0001211d1999 us r 00110 eng d a83109 a84081 a0 85199 363 X a94600 cCHAP04a581.15bP5800aPistorius, Robin.14aThe exploitation of plant genetic information :bpolitical strategies in crop developmentc/by Robin Pistorius and Jeroen van Wijk aWallingford, UK :bCABI Publishing,cc.1999. a231 p. :bgráfs. 0aBiotechnology in agriculturev; 2214aGenética vegetal.14aGermoplasma.14aRecursos genéticos.0 aWijk, Jeroen van.0 aBiotechnology in agriculturev; 22